| 000 | 00941nam a2200205 i 4500 | ||
|---|---|---|---|
| 001 | 143178 | ||
| 003 | ES-MaACL | ||
| 005 | 20230906200738.0 | ||
| 007 | t| | ||
| 008 | 070214s1969 sp r ||||1| spa d | ||
| 080 | _a551.7 | ||
| 245 | 0 | 0 |
_aSeminarios de estratigrafía _b: conferencias, cursillos y coloquios. _nVol. 1, n. 1 / _cDepartamento de Estratigrafía, Instituto de Geología Económica (C. S. I. C.) ; [organizado por la Asociación de Geólogos Españoles para el Instituto de Geología Económica del C. S. I. C.]. |
| 260 |
_aMadrid : _bUniversidad de Madrid, Servicio de Publicaciones de la Facultad de Ciencias. |
||
| 300 |
_a56 p. ; _c24 cm. |
||
| 650 | 4 |
_aEstratigrafía. _9136064 |
|
| 710 | 2 |
_aUniversidad de Madrid. _bFacultad de Ciencias. _97210 |
|
| 710 | 2 |
_aAsociación de Geólogos Españoles. _9144051 |
|
| 710 | 2 |
_aInstituto de Geología Económica (Madrid) _9144052 |
|
| 852 |
_aES-MaACL _j2271-F-10 _xOlim P-1608 |
||
| 999 |
_c143178 _d143178 |
||